000 00219nam a2200121Ia 4500
100 _a#N/A
650 _aComputer/ IT
942 _cBK
654 _aweb erp
245 _aUtilities
260 _b#N/A
546 _aENGLISH
999 _c27076
_d27076